[Event "Brasileiro de Jovens 2012 - Absoluto"]
[Site "Sao Paulo"]
[Date "2012.02.21"]
[Round "7.17"]
[White "Silva, Alexandre Freitas S"]
[Black "Rogani, Bruno"]
[Result "1-0"]
[WhiteElo "1840"]
[BlackElo "1918"]
[PlyCount "125"]
[EventDate "2012.02.18"]

1. e4 e5 2. Nf3 Nc6 3. Bb5 a6 4. Ba4 Nf6 5. O-O Be7 6. Re1 b5 7. Bb3 O-O 8. c3
d6 9. h3 Na5 10. Bc2 c5 11. d4 Qc7 12. Nbd2 cxd4 13. cxd4 Bd7 14. Nf1 Rfc8 15.
Bd3 Nc6 16. Be3 Nb4 17. Rc1 Qb8 18. Bb1 a5 19. a3 Rxc1 20. Bxc1 Na6 21. b3 b4
22. a4 Bd8 23. Bb2 exd4 24. Nxd4 Nc5 25. Nf5 Bxf5 26. exf5 Ra7 27. Ne3 Ncd7 28.
Nc2 Bb6 29. Nd4 Bxd4 30. Qxd4 Qb6 31. Qh4 Ra8 32. g4 Re8 33. Rxe8+ Nxe8 34. Qe7
Nef6 35. g5 Ne5 36. gxf6 gxf6 37. Qxf6 Qc5 38. Qg5+ Kf8 39. Bxe5 Qxe5 40. Qe3
Qa1 41. Qd3 d5 42. Kg2 Qg7+ 43. Qg3 Qb2 44. Qd3 Qg7+ 45. Kf3 Qh6 46. Ke2 Qf6
47. Bc2 Qe5+ 48. Qe3 Qb2 49. Kd2 Qf6 50. Qc5+ Kg7 51. Qxd5 Qc3+ 52. Kd1 Qa1+
53. Ke2 Qc3 54. Qd3 Qe5+ 55. Qe4 Qb2 56. Kd2 Qf6 57. h4 Qa6 58. f6+ Kg8 59.
Qg4+ Kf8 60. Qg7+ Ke8 61. Qg8+ Kd7 62. Qxf7+ Kc8 63. Qc4+ 1-0

[Event "Brasileiro de Jovens 2012 - Absoluto"]
[Site "Sao Paulo"]
[Date "2012.02.21"]
[Round "7.18"]
[White "Araujo, Renan Aparecido"]
[Black "Goncalves, Leonardo Yamamoto P"]
[Result "0-1"]
[WhiteElo "1918"]
[BlackElo "1821"]
[PlyCount "24"]
[EventDate "2012.02.18"]

1. g3 d6 2. Bg2 c6 3. d4 e5 4. c4 Nf6 5. Nc3 Nbd7 6. e3 Be7 7. Nge2 O-O 8. O-O
Qc7 9. b4 Nb6 10. Qb3 a5 11. Ba3 a4 12. c5 axb3 0-1